[Event "Ojinaga Perla del Desierto op"]
[Site "Ojinaga"]
[Date "2023.10.29"]
[Round "7"]
[White "Gonzalez Zamora, Juan Carlos"]
[Black "Quesada Perez, Luis Ernesto"]
[Result "0-1"]
[WhiteElo "2479"]
[BlackElo "2555"]
[PlyCount "93"]
[EventDate "2023.10.26"]
[EventType "swiss"]
[EventRounds "7"]
[EventCountry "MEX"]
[SourceTitle "Mega2024 Update 01"]
[Source "Chessbase"]
[SourceDate "2023.11.12"]
[SourceVersion "1"]
[SourceVersionDate "2023.11.12"]
[SourceQuality "1"]

1. d4 Nf6 2. c4 g6 3. Nc3 Bg7 4. e4 d6 5. Be2 0-0 6. Bg5 Na6 7. f4 c5 8. d5 h6 9. Bh4 Qa5 10. Qd2 b5 11. cxb5 Nc7 12. Nf3 a6 13. 0-0 axb5 14. a4 b4 15. Bxf6 Bxf6 16. Nb5 Bd7 17. e5 Bg7 18. Nxc7 Qxc7 19. b3 Bg4 20. Rac1 Rad8 21. e6 fxe6 22. Nh4 Bxe2 23. Qxe2 exd5 24. Qe6+ Rf7 25. Qxd5 e6 26. Qxe6 Qe7 27. Qh3 Re8 28. Rb1 Qe4 29. Qg3 g5 30. fxg5 Bd4+ 31. Kh1 Bf2 32. Qxd6 Bxh4 33. gxh6 Ref8 34. h7+ Kh8 35. Qxf8+ Rxf8 36. Rxf8+ Kxh7 37. Rbf1 Qe6 38. R8f3 Kg6 39. h3 Qe2 40. Rf4 Bg5 41. R4f2 Qe6 42. Rf3 c4 43. bxc4 Qxc4 44. Rb1 Qc2 45. Rfb3 Bd2 46. a5 Qc3 47. R3b2 0-1

[Event "Cancun Camara Cup 11th"]
[Site "Cancun"]
[Date "2023.10.12"]
[Round "2"]
[White "Herrera, Aguilar Rene Alexi"]
[Black "Quesada Perez, Luis Ernesto"]
[Result "1/2-1/2"]
[WhiteElo "2058"]
[BlackElo "2555"]
[PlyCount "77"]
[EventDate "2023.10.11"]
[EventType "swiss"]
[EventRounds "9"]
[EventCountry "MEX"]
[SourceTitle "Mega2024 Update 01"]
[Source "Chessbase"]
[SourceDate "2023.11.12"]
[SourceVersion "1"]
[SourceVersionDate "2023.11.12"]
[SourceQuality "1"]

1. e4 c5 2. Nf3 d6 3. d4 cxd4 4. Qxd4 Nc6 5. Bb5 Bd7 6. Qd3 g6 7. c4 Bg7 8. 0-0 Nf6 9. Nc3 0-0 10. h3 a6 11. Bxc6 Bxc6 12. Nd4 Nd7 13. Be3 Qa5 14. Rab1 Ne5 15. Qe2 Qb4 16. f4 Nxc4 17. Nc2 Qa5 18. Qxc4 Bxc3 19. Qxc3 Qxc3 20. bxc3 Bxe4 21. Rb2 Rac8 22. Bd4 Rfe8 23. Re1 f5 24. Re3 b5 25. Ne1 Kf7 26. Kf2 h6 27. Nf3 Bd5 28. Re1 g5 29. g3 Rg8 30. a3 Rg6 31. Rbb1 Rcg8 32. Rg1 Ke8 33. Be3 Kd7 34. Rbd1 e6 35. Nd4 gxf4 36. Bxf4 Be4 37. Ne2 Bd5 38. Nd4 Be4 39. Ne2 1/2-1/2

[Event "Biel HTO 56th"]
[Site "Biel"]
[Date "2023.07.19"]
[Round "3"]
[White "Materia, Marco"]
[Black "Quesada Perez, Luis Ernesto"]
[Result "1/2-1/2"]
[WhiteElo "2436"]
[BlackElo "2553"]
[PlyCount "95"]
[EventDate "2023.07.17"]
[EventType "swiss"]
[EventRounds "10"]
[EventCountry "SUI"]
[SourceTitle "CBM 215 Extra"]
[Source "ChessBase"]
[SourceDate "2023.09.30"]
[SourceVersion "1"]
[SourceVersionDate "2023.09.30"]
[SourceQuality "1"]

1. d4 Nf6 2. c4 g6 3. Nc3 d5 4. cxd5 Nxd5 5. e4 Nxc3 6. bxc3 Bg7 7. Bc4 c5 8. Ne2 Nc6 9. Be3 0-0 10. Rc1 cxd4 11. cxd4 Qa5+ 12. Rc3 Bg4 13. f3 Rad8 14. Qd2 Be6 15. Bxe6 fxe6 16. Rd3 Qa6 17. 0-0 Ne5 18. Rb3 Nc4 19. Qd3 Nxe3 20. Qxe3 Rc8 21. Nc3 e5 22. d5 Rc4 23. Rfb1 Rfc8 24. h3 b6 25. Kh2 Qa5 26. Nb5 Qxa2 27. R1b2 Qa1 28. d6 Rc1 29. dxe7 Re8 30. Rd2 Bf6 31. Ra3 Rh1+ 32. Kg3 Qc1 33. Rc3 Qe1+ 34. Qxe1 Rxe1 35. Nc7 Rxe7 36. Nd5 Rf7 37. Nxf6+ Rxf6 38. Rd5 Rf7 39. Rxe5 Rb1 40. h4 a5 41. h5 Kg7 42. hxg6 hxg6 43. Re6 a4 44. Rcc6 a3 45. Rxg6+ Kh7 46. Rh6+ Kg8 47. Rhg6+ Kh7 48. Rh6+ 1/2-1/2

[Event "Caribean-chT Rapid 24th"]
[Site "San Salvador"]
[Date "2023.07.04"]
[Round "10.2"]
[White "Quesada Perez, Luis Ernesto"]
[Black "Leon Archibaldo, Orlando Andres"]
[Result "1-0"]
[WhiteElo "2538"]
[BlackElo "2182"]
[PlyCount "89"]
[EventDate "2023.07.03"]
[EventType "tourn (rapid)"]
[EventRounds "15"]
[EventCountry "ESA"]
[SourceTitle "CBM 215 Extra"]
[Source "ChessBase"]
[SourceDate "2023.09.30"]
[SourceVersion "1"]
[SourceVersionDate "2023.09.30"]
[SourceQuality "1"]
[WhiteTeam "Cuba"]
[BlackTeam "Panama"]
[WhiteTeamCountry "CUB"]
[BlackTeamCountry "PAN"]

1. d4 d5 2. c4 c6 3. Nf3 Nf6 4. e3 a6 5. Nc3 Bf5 6. Qb3 b5 7. c5 a5 8. Be2 g6 9. Ne5 Bg7 10. g4 Be6 11. a3 0-0 12. h4 Nfd7 13. Nd3 f6 14. h5 Bf7 15. hxg6 hxg6 16. f4 e5 17. f5 Re8 18. Bd2 Nf8 19. 0-0-0 Na6 20. Rde1 Rb8 21. Qc2 b4 22. Na4 exd4 23. exd4 Re4 24. Nf2 Rxd4 25. Bxa6 b3 26. Qc3 Rxa4 27. Kb1 Nd7 28. Qh3 g5 29. Nd3 Re4 30. Rh2 Rxe1+ 31. Bxe1 Qe7 32. Bg3 Re8 33. Qh7+ Kf8 34. Bd6 Nxc5 35. Bxe7+ Rxe7 36. Rh1 Nxa6 37. Qh2 Rd7 38. Rc1 c5 39. Nxc5 Nxc5 40. Qb8+ Be8 41. Rxc5 d4 42. Rc8 Re7 43. Qd6 Kf7 44. Rc7 Bf8 45. Qe6+ 1-0

[Event "American Continental 17th"]
[Site "Juan Dolio"]
[Date "2023.05.20"]
[Round "8"]
[White "Camacho Campusano, David Daniel"]
[Black "Quesada Perez, Luis Ernesto"]
[Result "1/2-1/2"]
[WhiteElo "2176"]
[BlackElo "2559"]
[PlyCount "107"]
[EventDate "2023.05.15"]
[EventType "swiss"]
[EventRounds "11"]
[EventCountry "DOM"]
[SourceTitle "CBM 214 Extra"]
[Source "ChessBase"]
[SourceDate "2023.07.31"]
[SourceVersion "1"]
[SourceVersionDate "2023.07.31"]
[SourceQuality "1"]

1. e4 c5 2. Nf3 e6 3. d4 cxd4 4. Nxd4 Nc6 5. Nc3 Qc7 6. g3 a6 7. Bg2 Nf6 8. 0-0 Nxd4 9. Qxd4 Bc5 10. Bf4 d6 11. Qd3 Ng4 12. Na4 e5 13. Nxc5 Qxc5 14. Bd2 Be6 15. b3 b5 16. h3 Nf6 17. Be3 Qc6 18. f4 Ke7 19. f5 Bd7 20. g4 h6 21. Rfd1 Rhc8 22. c4 bxc4 23. bxc4 Ne8 24. Rac1 Qa4 25. c5 Kf8 26. cxd6 Rxc1 27. Rxc1 Qxa2 28. g5 hxg5 29. Bxg5 f6 30. Be3 Rb8 31. Bc5 Rb3 32. Qd5 Qb2 33. Qc4 Qd2 34. Qc2 Qxc2 35. Rxc2 g6 36. Bf1 gxf5 37. exf5 Ng7 38. Bxa6 Nxf5 39. Bc4 Rxh3 40. Rb2 Rc3 41. Rb8+ Kg7 42. Rb7 Rxc4 43. Rxd7+ Kg6 44. Rc7 Rc1+ 45. Kf2 Rd1 46. d7 Rd5 47. Kf3 Rd3+ 48. Kf2 e4 49. Rb7 Nh6 50. Be7 Nf7 51. Rb6 Rxd7 52. Rxf6+ Kg7 53. Re6 Nh6 54. Bf8+ 1/2-1/2

[Event "Capablanca Memorial Elite 56th"]
[Site "Havana"]
[Date "2023.05.06"]
[Round "4"]
[White "Quesada Perez, Luis Ernesto"]
[Black "Iturrizaga Bonelli, Eduardo"]
[Result "1-0"]
[WhiteElo "2562"]
[BlackElo "2637"]
[PlyCount "55"]
[EventDate "2023.05.03"]
[EventType "tourn"]
[EventRounds "9"]
[EventCountry "CUB"]
[EventCategory "14"]
[SourceTitle "CBM 214 Extra"]
[Source "ChessBase"]
[SourceDate "2023.07.31"]
[SourceVersion "1"]
[SourceVersionDate "2023.07.31"]
[SourceQuality "1"]

1. d4 Nf6 2. c4 e6 3. Nf3 d5 4. Nc3 dxc4 5. e4 Bb4 6. Bxc4 Nxe4 7. 0-0 Nxc3 8. bxc3 Bd6 9. Re1 0-0 10. Ne5 Nd7 11. Qg4 Nf6 12. Qg3 Re8 13. Bh6 Bf8 14. Bg5 Be7 15. Bh6 Bf8 16. Rad1 Nd5 17. Rd3 f6 18. Rf3 Qd6 19. Re4 Re7 20. Bd3 Bd7 21. Rh4 f5 22. Bg5 Nxc3 23. Bxe7 Qxe7 24. Rxh7 Qa3 25. Bf1 Ne2+ 26. Bxe2 Qc1+ 27. Bf1 Bb5 28. Rd3 1-0